Biblioteca

Missionaries as role models in the christian quest for justice (Registro nro. 70334)

Detalles MARC
000 -LÍDER
Campo fijo de descripción fija 01619nab a2200241 i 4500
001 - NÚMERO DE CONTROL
Campo de control 768714001
003 - IDENTIFICADOR DEL NÚMERO DE CONTROL
Campo de control CO-MdFUSB
005 - FECHA Y HORA DE LA ULTIMA TRANSACCIÓN
control field 20240620162555.0
008 - ELEMENTOS DE LONGITUD FIJA -- INFORMACIÓN GENERAL
Campo fijo de descripción fija -- Información general 240620t1993 us ||||| |||| 00| 0 eng d
040 ## - FUENTE DE CATALOGACIÓN
Idioma de catalogación spa
Agencia que realiza la transcripción CO-MdFUSB
Agencia que realiza la modificación CO-MdFUSB
041 ## - CÓDIGO DE IDIOMA
Código de idioma para texto/pista de sonido o título separado eng
100 ## - ASIENTO PRINCIPAL--NOMBRE PERSONAL
Nombre personal Pierard, Richard V.,
Fechas asociadas con el nombre 1934-
Término relacionador autor
245 ## - TÍTULO
Título Missionaries as role models in the christian quest for justice
Mención de responsabilidad / Richard V. Pierard
520 ## - NOTA DE RESUMEN, ETC.
Nota de sumario, etc. Aunque algunos no logran comprender el compromiso cristiano con la justicia, la historia de las misiones está repleta de ejemplos de creyentes que pusieron su fe en acción. Donde trabajaron, desafiaron las costumbres sociales existentes e incluso desafiaron a las autoridades coloniales europeas y los intereses de los colonos blancos. Los ejemplos citados incluyen misioneros que lucharon contra prácticas inhumanas como el sistema de castas, la quema de viudas y el vendaje de pies. Entre quienes se opusieron a las estructuras de poder injustas se encontraban John Philip en Sudáfrica, William Knibb en Jamaica, los trabajadores de la Misión Rhine en el suroeste de África y Timothy Richard en China. Los misioneros son modelos apropiados para los cristianos que buscan justicia.
546 ## - NOTA DE IDIOMA
Nota de idioma Texto en inglés.
650 #7 - ASIENTO SECUNDARIO DE MATERIA - TERMINO TEMÁTICO
Término temático o nombre geográfico como elemento de entrada Justicia social
Subdivisión general Aspectos religiosos
9 (RLIN) 6928
650 #7 - ASIENTO SECUNDARIO DE MATERIA - TERMINO TEMÁTICO
Término temático o nombre geográfico como elemento de entrada Misioneros
9 (RLIN) 931
650 #0 - ASIENTO SECUNDARIO DE MATERIA - TERMINO TEMÁTICO
Término temático o nombre geográfico como elemento de entrada Evangelización
9 (RLIN) 362
650 #0 - ASIENTO SECUNDARIO DE MATERIA - TERMINO TEMÁTICO
Término temático o nombre geográfico como elemento de entrada Vida cristiana
9 (RLIN) 19
773 0# - ASIENTO DE ITEM FUENTE
Biblionumber 49486
Itemnumber 61126
Lugar, editorial y fecha de publicación Pasadena
Otro identificador del ítem R0888
Título Missiology:
Número de control del registro (CO-MdFUSB)97
Parte(s) relacionada(s) / Volumen., número. (mes año), páginas Volumen 21, (número 4, 1993) páginas: 469 - 482
Enumeración y primera página página: 469
942 ## - TIPO DE MATERIAL (KOHA)
Tipo de Item KOHA Artículos de Revista
945 ## - INFORMACIÓN LOCAL DEL REGISTRO
Catalogador Catherine Arias Álvarez - Practicante SENA

No hay ítems disponibles.

Biblioteca FUSBC | Teléfono: (57+4) 349 88 10 Ext. 141| WhatsApp (+57) 3005338115 
E-mail: biblioteca@unisbc.edu.co | Calle 76 87-14 Robledo Palenque, Medellín, Colombia

Con tecnología Koha